| 000 | 01353cam a2200361 i 4500 | ||
|---|---|---|---|
| 003 | EG-GICUC | ||
| 005 | 20260222105650.0 | ||
| 008 | 940718s1994 enk frb 001 0 eng d | ||
| 020 |
_a0198257031 : _c$156.00 |
||
| 020 | _a9780198257035 | ||
| 040 |
_aDLC/MoSU-L _cMoSU-L _dDLC _d EG-GICUC _beng _erda |
||
| 050 | 0 | 0 |
_aJX1977 _b.C487 1994 |
| 082 | 0 | 0 |
_a341.23 _221 |
| 092 | 0 | 4 | _221 |
| 099 | _aLaw 11 1994 | ||
| 245 | 0 | 4 |
_aThe Charter of the United Nations : _ba commentary / _cedited by Bruno Simma ; in collaboration with Hermann Mosler ... [et al.]. |
| 264 |
_aOxford ; _aNew York : _bOxford University Press, _c1995. |
||
| 300 |
_axlix, 1258 page ; _c26 cm. |
||
| 336 |
_atext _2rdacontent |
||
| 337 |
_aComputer _2rdamedia |
||
| 338 |
_aOnline Resouce _2rdacarrier |
||
| 504 | _aIncludes bibliographical references and index. | ||
| 610 | 2 | 0 |
_aUnited Nations. _tCharter. |
| 650 | 1 | _aInternational law | |
| 700 | 1 | _aSimma, Bruno. | |
| 700 | 1 |
_aMosler, Hermann, _d1912- |
|
| 710 | 2 | 2 |
_aUnited Nations. _tCharter. |
| 856 | 4 | 2 | _uhttps://fll.law.cu.edu.eg/fulltext/bks/ENGB11-00162.pdf |
| 856 | 4 | 2 |
_3Publisher description _uhttp://www.loc.gov/catdir/enhancements/fy0638/94184282-d.html |
| 856 | 4 | 2 |
_3Contributor biographical information _uhttp://www.loc.gov/catdir/enhancements/fy0724/94184282-b.html |
| 905 | _a10 | ||
| 942 |
_2ddc _cBK _e21 _n0 |
||
| 999 |
_c63987 _d63987 |
||